Countries by Unique Last 3 Letters Quiz Stats

 Plays Quiz Updated Jul 14, 2016

Also try: Word Loops
Challenge
Share
Tweet
Embed
Score 0/100 Timer 09:00
16 Plays Today
Last 3 Country % Correct
ACOMonaco
90.1%
CCOMorocco
85.9%
BWEZimbabwe
85.3%
IJIFiji
84.1%
RAQIraq
83.1%
AOSLaos
81.7%
IZEBelize
81.2%
BYALibya
80.9%
AELIsrael
80.6%
LTAMalta
80.2%
AITKuwait
78.6%
ECEGreece
78.6%
ALYItaly
77.9%
OGOTogo
77.9%
NAMVietnam
77.4%
ERUPeru
76.8%
NYAKenya
76.3%
AWIMalawi
76.2%
MOASamoa
75.3%
YPTEgypt
75%
OONCameroon
74.9%
ANYGermany
74.6%
GERNiger
74.6%
ALIMali
74.1%
ZILBrazil
73.6%
PANJapan
72.8%
KEYTurkey
72.2%
PALNepal
72.1%
NEIBrunei
71.4%
NINBenin
71.4%
ESHBangladesh
71.3%
HADChad
71.1%
ILEChile
70.8%
DOMUnited Kingdom
69.7%
Last 3 Country % Correct
NCEFrance
68.6%
WAYNorway
67.6%
GROMontenegro
66.9%
LAUPalau
66.9%
THOLesotho
66.6%
DOSBarbados
66.5%
UBACuba
66.4%
OVOKosovo
66.3%
ARKDenmark
65.8%
IUMBelgium
65.4%
MANOman
64.1%
GUANicaragua
64%
ATUVanuatu
63.6%
NGATonga
63.5%
NDIBurundi
63.5%
EINLiechtenstein
63.5%
ITIHaiti
63.4%
BONGabon
63.1%
ICOMexico
61.7%
WANTaiwan
60%
ALUTuvalu
59.8%
MENYemen
58.9%
AGOTrinidad and Tobago
58.4%
CARMadagascar
58.3%
QUEMozambique
58%
GIAGeorgia
57.3%
AMESuriname
57.1%
TARQatar
56.6%
ASOBurkina Faso
56.5%
AMAPanama
56%
JANAzerbaijan
54.3%
NONLebanon
53.5%
URGLuxembourg
53.4%
MARMyanmar
51.6%
Last 3 Country % Correct
OVAMoldova
51.6%
NKASri Lanka
51.6%
TIACroatia
50.9%
ARYHungary
49.8%
SAUGuinea-Bissau
49.6%
VESMaldives
49.5%
ROSComoros
49.4%
OLAAngola
49.3%
RRAAndorra
48.3%
KIASlovakia
48.3%
ITYVatican City
48.1%
RDECabo Verde
45%
URUNauru
44.6%
ATIKiribati
44.4%
LESSeychelles
44.2%
STETimor-Leste
43%
VISSt. Kitts and Nevis
39.9%
CIASt. Lucia
39.4%
PIAEthiopia
38.8%
MASBahamas
38.5%
UDAAntigua and Barbuda
37.9%
IUSMauritius
37.7%
INOSan Marino
37.4%
ONESierra Leone
37.1%
ALAGuatemala
36.2%
ELAVenezuela
35%
UTIDjibouti
34.9%
RASHonduras
33.9%
ORESingapore
32.9%
IPESão Tomé and Príncipe
26.9%
HIACzechia
25.8%
IRECôte d'Ivoire
19%

You're not logged in!

Compare scores with friends on all Sporcle quizzes.
OR
Log In

You Might Also Like...

Show Comments

Extras

Top Quizzes Today


Score Distribution

Your Account Isn't Verified!

In order to create a playlist on Sporcle, you need to verify the email address you used during registration. Go to your Sporcle Settings to finish the process.

Report this User

Report this user for behavior that violates our Community Guidelines.

Details: